| 000 | 00384cam a2200145ua 4500 | ||
|---|---|---|---|
| 041 |
_aeng _h |
||
| 082 |
_a631.587 _bSVE/IR |
||
| 100 | _aSvendsen, Mark . | ||
| 245 | 0 | 0 |
_aIrrigation and river basin management / _cMark Svendsen. _hTextual Documents |
| 260 |
_aUnited Kingdom : _bCAB International , _c2004. |
||
| 300 | _a258 ; . | ||
| 504 | _a | ||
| 942 | _cBK | ||
| 999 |
_c13149 _d13149 |
||